| 000 | 00984cam a2200277 a 4500 | ||
|---|---|---|---|
| 999 |
_c345998 _d345998 |
||
| 001 | 2488890 | ||
| 003 | nust | ||
| 005 | 20180117090022.0 | ||
| 008 | 911030s1992 nyua b 001 0 eng | ||
| 010 | _a 91042241 | ||
| 020 | _a0393957357 | ||
| 040 |
_aDLC _cDLC _dDLC |
||
| 050 | 0 | 0 |
_aHB172 _b.V35 1992 |
| 082 | 0 | 0 |
_a338.5 _220 |
| 100 | 1 | _aVarian, Hal R. | |
| 245 | 1 | 0 |
_aMicroeconomic analysis / _cHal R. Varian. |
| 250 | _a3rd ed. | ||
| 260 |
_aNew York : _bNorton, _c1992. |
||
| 300 |
_axv, 506, A42 p. : _bill. ; _c25 cm. |
||
| 504 | _aIncludes bibliographical references (p. [A1]-A7) and index. | ||
| 650 | 0 | _aMicroeconomics. | |
| 906 |
_a7 _bcbc _corignew _d1 _eocip _f19 _gy-gencatlg |
||
| 942 |
_2ddc _cBK |
||